Business Accounting and Finanace (Record no. 3241)

MARC details
005 - DATE AND TIME OF LATEST TRANSACTION
control field 20250605150236.0
020 ## - INTERNATIONAL STANDARD BOOK NUMBER
International Standard Book Number 0-07-709825-0
082 ## - DEWEY DECIMAL CLASSIFICATION NUMBER
Classification number TEA LECT 657.48 DAV
100 ## - MAIN ENTRY--PERSONAL NAME
Author name DAVIES, T.
245 ## - TITLE STATEMENT
Title Business Accounting and Finanace
260 ## - PUBLICATION, DISTRIBUTION, ETC.
Place of publication, distribution, etc. London,
Name of publisher, distributor, etc. McGraw-Hill,
Date of publication, distribution, etc. 2002.
300 ## - PHYSICAL DESCRIPTION
Extent xvi, 663p.: ill.; figure, graph, mpicture, table.
Other physical details Glossary, index.
Dimensions 27cm.
700 ## - ADDED ENTRY--PERSONAL NAME
Other authors/Editors PAIN, B.
856 ## - ELECTRONIC LOCATION AND ACCESS
Link text Access online book
Electronic name Business Accounting and Finance
Path www.mcgraw-hill.co.uk
942 ## - ADDED ENTRY ELEMENTS (KOHA)
Source of classification or shelving scheme Dewey Decimal Classification
Koha item type Books
Holdings
Date last seen Total checkouts Full call number Barcode Cost, replacement price Price effective from Koha item type Lost status Source of classification or shelving scheme Damaged status Not for loan Withdrawn status Home library Current library Shelving location Date acquired Cost, normal purchase price
06/05/2025   TEA LECT 657.48 DAV 00000011173 444600.00 06/05/2025 Books   Dewey Decimal Classification       College of Business Education Main Library College of Business Education Main Library General Collection 04/22/2005 148200.00
06/05/2025   TEA LECT 657.48 DAV 00000011174 444600.00 06/05/2025 Books   Dewey Decimal Classification       College of Business Education Main Library College of Business Education Main Library General Collection 04/22/2005 148200.00
06/05/2025   TEA LECT 657.48 DAV 00000011175 444600.00 06/05/2025 Books   Dewey Decimal Classification       College of Business Education Main Library College of Business Education Main Library General Collection 04/22/2005 148200.00